Introducción al latín vulgar

Saved in:
Bibliografiske detaljer
Hovedforfatter: Grandgent, C. H (Author)
Format: Bog
Sprog:spansk
Udgivet: Madrid Consejo Superior de Investigaciones Científicas 1952
Udgivelse:2a. ed
Fag:
Tags: Tilføj Tag
Ingen Tags, Vær først til at tagge denne postø!

MARC

LEADER 00000nam a2200000 a 4500
001 UCQ3612
003 CL-VaPUC
008 980821e19520000SP |||||||||||||||||spa|d
082 0 4 |a 477  |b GRA  |2 21 
100 0 |a Grandgent, C. H  |e author  |9 417853 
245 1 0 |a Introducción al latín vulgar 
250 |a 2a. ed 
300 |a 384 p 
942 |c BK 
945 |d 19980821 00:00:00  |a crobeson 
260 |a Madrid  |b Consejo Superior de Investigaciones Científicas  |c 1952 
650 0 |a Latín   |9 269544 
650 0 |a Sintaxis  |9 318843 
650 0 |a Fonología   |9 341074 
650 0 |a Morfología  |9 334440 
650 0 |a Vocabulario  |9 345405 
583 |a last modification  |c 19980821 00:00:00  |k Rodrigo Vera 
999 |c 274132  |d 274130 
952 |0 0  |1 0  |4 0  |6 477_000000000000000_GRA_1952  |7 0  |8 A  |9 310214  |a BIBEDU  |b BIBEDU  |d 2019-11-20  |i 1456148  |o 477 GRA 1952  |p 1456148  |r 2019-11-20  |w 2019-11-20  |y BK  |k LIT